000 00242 a2200097 4500
001 39801
100 _aM Inayet Ullah
245 _aUondlus Ka Tareekh-e-jughraphia
260 _aLahore
_bSang-e-Meel Publications
_c1987
090 _c24806
_d24806
942 _aNUST-CAE
_cM
_c16454
999 _c274874
_d274874